Squadre Campioni d'Inverno in Serie A - Statistics

Statistiche generali
  • Questo quiz è stato fatto 82 volte
  • Il punteggio medio è 10 su 13
Statistiche sulle risposte
N° Campioni d'Inverno Squadra % Corretto
19 Inter
100%
32 Juventus
100%
17 Milan
100%
6 Roma
100%
2 Lazio
99%
7 Napoli
99%
5 Fiorentina
94%
3 Torino
90%
1 Hellas Verona
84%
5 Bologna
82%
2 Cagliari
76%
1 Livorno
6%
1 Sampierdarenese
1%
Nessun quiz corrispondente trovato
Distribuzione punteggi
Percentuale di utenti per punteggio
Percentile per numero di risposta
I tuoi punteggi nel tempo
Non hai fatto questo quiz